Statistiques concernant Chefs d'État du Laos.

Cliquez ici pour prendre le quiz!

Statistiques générales

  • Ce quiz a été pris 12 fois
  • Le résultat moyen est 5 sur 10

Statistiques - réponses

HintRéponse% Correct
2016-2021Boungnang Vorachit
100%
Depuis 2021Thongloun Sisoulith
83%
1975-1986Prince Souphanouvong
67%
1959-1975Savang Vatthana
67%
2006-2016Choummaly Sayasone
50%
1991-1992Kaysone Phomvihane
50%
1998-2006Khamtay Siphandone
33%
1904-1959Sisavang Vong
33%
1894 - 1904Zakarine
33%
1992-1998Nouhak Phoumsavanh
17%

Distribution des résultats

Percentile par nombre de réponses

% des personnes avec chaque résultat

Votre développement - résultats

Vous n’avez pas pris ce quiz